Top 10 most populated cities in world - Statistics

General Stats
  • This quiz has been taken 39 times
  • The average score is 7 of 10
Answer Stats
Picture Answer % Correct
New york city
97%
Delhi
81%
Tokyo
81%
Cairo
78%
Beijing
75%
Mexico city
75%
Shanghai
75%
Mumbai
44%
Sao paulo
33%
Osaka
25%
No matching quizzes found
Score Distribution
Percent of People with Each Score
Percentile by Number Answered
Your Score History
You have not taken this quiz